000 00758nam a2200193Ia 4500
008 151121s9999||||xx |||||||||||||| ||und||
082 _a615।537/गर्ग
082 _bHNW-77789
100 _aगर्ग लक्ष्मीनारायण
245 _aआयुर्वेद: विभिन्न पहलू
260 _b"नेशनल बुक ट्रस्ट, इंडिया"
260 _c--
300 _a130
600 _aगर्ग लक्ष्मीनारायण
630 _aआयुर्वेद: विभिन्न पहलू
700 _aगर्ग लक्ष्मीनारायण
730 _aआयुर्वेद: विभिन्न पहलू
942 _cBOOK
999 _c1259197
_d1259194